Vladimir Nabokov : od Mášeňky k Daru /

Hlavní autor: Sýkora, Michal, 1971-
Jazyk: Čeština
Vydáno: Brno : Host, 2002
Vydání: Vyd. 1.
Edice: Studium (Host)
Témata:
Externí odkaz: Digitalizovaný dokument
Fyzický popis: 215 s. ; 21 cm
Knihy
Uloženo v:
LEADER 01502nam a2200409 a 4500
001 000619585
003 CZ BrMZK
005 20170615120119.0
007 ta
008 020828s2002 xr f dcze d
015 |a cnb001183687 
020 |a 80-7294-057-0 
035 |a (OCoLC)51191342 
040 |a BOA001  |b cze 
045 |a x2x3 
072 7 |a 821.161.1  |x Ruská literatura  |2 Konspekt  |9 25 
080 |a 821.161.1  |2 MRF 
080 |a 82.09  |2 MRF 
080 |a (048.8)  |2 MRF 
100 1 |a Sýkora, Michal,  |d 1971-  |7 js20020122062  |4 aut 
245 1 0 |a Vladimir Nabokov :  |b od Mášeňky k Daru /  |c Michal Sýkora 
250 |a Vyd. 1. 
260 |a Brno :  |b Host,  |c 2002 
300 |a 215 s. ;  |c 21 cm 
490 1 |a Studium ;  |v 10 
504 |a Obsahuje bibliografii a rejstřík 
600 1 7 |a Nabokov, Vladimir Vladimirovič,  |d 1899-1977  |7 jn19992010056  |2 czenas 
648 7 |a 20. století  |7 ch460558  |2 czenas 
650 0 7 |a ruská literatura  |7 ph125327  |y 20. stol.  |2 czenas 
650 0 7 |a literárněvědné rozbory  |7 ph138745  |2 czenas 
655 7 |a studie  |7 fd133597  |2 czenas 
830 0 |a Studium (Host)  |0 s 
856 4 1 |u https://www.digitalniknihovna.cz/mzk/uuid/uuid:c1cb4b40-68b2-11e3-82ee-005056822549  |y Digitalizovaný dokument  |x NDK 
910 |a BOA001  |b 2-1106.647 
990 |a BK 
996 6 |b 2610169261  |c 2-1106.647  |l MZK  |r Sklad / do 1 hodiny  |n 0  |p p.v.  |w 000619585  |u 000010  |a 1  |e BOA001  |j MZK50  |s P 
996 7 |b 2610171824  |c 2-1106.647  |l MZK  |r Sklad / do 1 hodiny  |n 18  |p kup  |w 000619585  |u 000020  |a 1  |e BOA001  |j MZK50  |s A